000 00481cam a2200133 4500500
005 20260111145851.0
041 _afre
042 _adc
245 0 0 _aRichard et Sally Price, « Les Marrons », Éditions Vents d’Ailleurs, 2003, 127 pages
260 _c2005.
500 _a1
786 0 _nEthnologie française | 35 | 2 | 2005-06-01 | p. 355c-371c | 0046-2616
856 4 1 _uhttps://shs.cairn.info/revue-ethnologie-francaise-2005-2-page-355c?lang=fr&redirect-ssocas=7080
999 _c1636633
_d1636633